00673nam a2200217 i 450000100060000000300090000600500170001500700030003200800410003502000180007608000370009410000390013124500780017025000120024826000430026030000210030349000260032460000460035083000260039685200330042214697ES-MaACL20251113133627.0t|990525s1997 sp ||||1| spa d a84-7923-129-7 a929 Orozco y Luján, María de1 aBarbeito Carneiro, María Isabel.10aMaría de Orozco y Luján b: (1635-1709) / cIsabel Barbeito Carneiro. a1ª ed. aMadrid : bEdiciones del Orto, c1997. a93 p. ; c17 cm.1 aBiblioteca de mujeres04aOrozco y Luján, María de, d1635-17090 aBiblioteca de mujeres aES-MaACLjL-21855 bR.126508